00308pab a2200121 454500008004000000100001500040245005100055260000900106300001300115362001100128650001300139773003400152180718b2015 xxu||||| |||| 00| 0 eng d aArun Kumar aMacroeconomic aspects of goods and service tax c2015 ap.26-30. a18 Jul aTaxation aEconomic and Political Weekly